000 00479nam a22001937a 4500
003 LK-CoDNM
005 20241219095140.0
008 241219b |||||||| |||| 00| 0 eng d
040 _aLK-CoDNM
_dLK-CoDNM
_eLK-CoDNM
041 _aeng
080 _a2
_bE1
100 _aEhlers, E.
245 _aNeuseelandische Anneliden
_b-Vol.2
260 _aBerlin
_bWeidmannsche Buchhandlung
_c1907
300 _b31p. : ill ; 26 cm
650 _a1907
650 _aScience
942 _cBK
999 _c233513
_d233513